<?xml version="1.0" encoding="UTF-8"?>
<record
    xmlns:xsi="http://www.w3.org/2001/XMLSchema-instance"
    xsi:schemaLocation="http://www.loc.gov/MARC21/slim http://www.loc.gov/standards/marcxml/schema/MARC21slim.xsd"
    xmlns="http://www.loc.gov/MARC21/slim">

  <leader>00905nam a2200301 i 4500</leader>
  <controlfield tag="001">C2-0098153</controlfield>
  <controlfield tag="003">PPAK</controlfield>
  <controlfield tag="005">20230822115412.0</controlfield>
  <controlfield tag="008">970525s1989    my     g     a  0 f may d</controlfield>
  <datafield tag="020" ind1=" " ind2=" ">
    <subfield code="a">9836210539</subfield>
    <subfield code="q">paperback</subfield>
  </datafield>
  <datafield tag="040" ind1=" " ind2=" ">
    <subfield code="a">PPAK</subfield>
    <subfield code="b">eng</subfield>
    <subfield code="c">PPAK</subfield>
    <subfield code="e">rda</subfield>
  </datafield>
  <datafield tag="082" ind1="0" ind2="4">
    <subfield code="2">23</subfield>
    <subfield code="a">899.23301</subfield>
  </datafield>
  <datafield tag="090" ind1="0" ind2="0">
    <subfield code="a">899.23301</subfield>
    <subfield code="b">TIG</subfield>
    <subfield code="d">G</subfield>
  </datafield>
  <datafield tag="090" ind1="2" ind2="0">
    <subfield code="a">899.23301</subfield>
    <subfield code="b">TIG</subfield>
    <subfield code="d">KIH</subfield>
  </datafield>
  <datafield tag="090" ind1="2" ind2="0">
    <subfield code="a">899.23301</subfield>
    <subfield code="b">TIG</subfield>
    <subfield code="d">KK</subfield>
  </datafield>
  <datafield tag="090" ind1="2" ind2="0">
    <subfield code="a">899.23301</subfield>
    <subfield code="b">TIG</subfield>
    <subfield code="d">KMI</subfield>
  </datafield>
  <datafield tag="090" ind1="2" ind2="0">
    <subfield code="a">899.23301</subfield>
    <subfield code="b">TIG</subfield>
    <subfield code="d">KSA</subfield>
  </datafield>
  <datafield tag="090" ind1="2" ind2="0">
    <subfield code="a">899.23301</subfield>
    <subfield code="b">TIG</subfield>
    <subfield code="d">KWS</subfield>
  </datafield>
  <datafield tag="245" ind1="0" ind2="0">
    <subfield code="a">TIGA DUNIA /</subfield>
    <subfield code="c">Diselenggarakan oleh MOHD. YUSOF HASAN</subfield>
  </datafield>
  <datafield tag="264" ind1=" " ind2="1">
    <subfield code="a">Kuala Lumpur : </subfield>
    <subfield code="b">Dewan Bahasa dan Pustaka,</subfield>
    <subfield code="c">1989</subfield>
  </datafield>
  <datafield tag="300" ind1=" " ind2=" ">
    <subfield code="a">xlv, 165 pages ; </subfield>
    <subfield code="c">18 cm</subfield>
  </datafield>
  <datafield tag="336" ind1=" " ind2=" ">
    <subfield code="2">rdacontent</subfield>
    <subfield code="a">text</subfield>
  </datafield>
  <datafield tag="337" ind1=" " ind2=" ">
    <subfield code="2">rdamedia</subfield>
    <subfield code="a">unmediated</subfield>
  </datafield>
  <datafield tag="338" ind1=" " ind2=" ">
    <subfield code="2">rdacarrier</subfield>
    <subfield code="a">volume</subfield>
  </datafield>
  <datafield tag="650" ind1="1" ind2="0">
    <subfield code="a">Short stories, Malay.</subfield>
  </datafield>
  <datafield tag="700" ind1="0" ind2=" ">
    <subfield code="a">Mohd. Yusof Hassan, </subfield>
    <subfield code="e">compiler.</subfield>
  </datafield>
  <datafield tag="942" ind1=" " ind2=" ">
    <subfield code="c">B</subfield>
    <subfield code="2">ddc</subfield>
  </datafield>
  <datafield tag="999" ind1=" " ind2=" ">
    <subfield code="c">21688</subfield>
    <subfield code="d">21688</subfield>
  </datafield>
  <datafield tag="952" ind1=" " ind2=" ">
    <subfield code="0">0</subfield>
    <subfield code="7">1</subfield>
    <subfield code="b">PPAK</subfield>
    <subfield code="c">KSA</subfield>
    <subfield code="d">1998-07-15</subfield>
    <subfield code="o">KSA 899.23301 TIG</subfield>
    <subfield code="p">A00200162</subfield>
    <subfield code="r">2018-05-08 00:00:00</subfield>
    <subfield code="y">B</subfield>
  </datafield>
  <datafield tag="952" ind1=" " ind2=" ">
    <subfield code="0">0</subfield>
    <subfield code="7">1</subfield>
    <subfield code="b">PPAK</subfield>
    <subfield code="c">KK</subfield>
    <subfield code="d">1998-07-19</subfield>
    <subfield code="o">KK 899.23301 TIG</subfield>
    <subfield code="p">A00152182</subfield>
    <subfield code="r">2018-05-08 00:00:00</subfield>
    <subfield code="y">B</subfield>
  </datafield>
  <datafield tag="952" ind1=" " ind2=" ">
    <subfield code="0">0</subfield>
    <subfield code="7">1</subfield>
    <subfield code="b">PPAK</subfield>
    <subfield code="c">KK</subfield>
    <subfield code="d">1998-07-19</subfield>
    <subfield code="o">KK 899.23301 TIG</subfield>
    <subfield code="p">A00152183</subfield>
    <subfield code="r">2018-05-08 00:00:00</subfield>
    <subfield code="y">B</subfield>
  </datafield>
  <datafield tag="952" ind1=" " ind2=" ">
    <subfield code="0">0</subfield>
    <subfield code="7">1</subfield>
    <subfield code="b">PPAK</subfield>
    <subfield code="c">KIH</subfield>
    <subfield code="d">2012-02-20</subfield>
    <subfield code="l">0</subfield>
    <subfield code="o">KIH 899.23301 TIG</subfield>
    <subfield code="p">A00175755</subfield>
    <subfield code="r">2018-05-08 00:00:00</subfield>
    <subfield code="y">B</subfield>
  </datafield>
  <datafield tag="952" ind1=" " ind2=" ">
    <subfield code="0">0</subfield>
    <subfield code="7">1</subfield>
    <subfield code="b">SP</subfield>
    <subfield code="c">KK</subfield>
    <subfield code="d">2004-04-04</subfield>
    <subfield code="o">KK 899.23301 TIG</subfield>
    <subfield code="p">A00427361</subfield>
    <subfield code="r">2018-05-08 00:00:00</subfield>
    <subfield code="y">B</subfield>
  </datafield>
  <datafield tag="952" ind1=" " ind2=" ">
    <subfield code="0">0</subfield>
    <subfield code="7">0</subfield>
    <subfield code="b">JT</subfield>
    <subfield code="c">G</subfield>
    <subfield code="d">2004-02-25</subfield>
    <subfield code="o">899.23301 TIG</subfield>
    <subfield code="p">A00844712</subfield>
    <subfield code="r">2018-05-08 00:00:00</subfield>
    <subfield code="y">B</subfield>
  </datafield>
  <datafield tag="952" ind1=" " ind2=" ">
    <subfield code="0">0</subfield>
    <subfield code="7">1</subfield>
    <subfield code="b">PPAK</subfield>
    <subfield code="c">KMI</subfield>
    <subfield code="d">2011-06-06</subfield>
    <subfield code="o">KMI 899.23301 TIG</subfield>
    <subfield code="p">A00384653</subfield>
    <subfield code="r">2018-05-08 00:00:00</subfield>
    <subfield code="y">B</subfield>
  </datafield>
  <datafield tag="952" ind1=" " ind2=" ">
    <subfield code="0">0</subfield>
    <subfield code="7">1</subfield>
    <subfield code="b">PPAK</subfield>
    <subfield code="c">KWS</subfield>
    <subfield code="d">2023-09-13</subfield>
    <subfield code="l">0</subfield>
    <subfield code="o">KWS 899.23301 TIG</subfield>
    <subfield code="p">KWS000695</subfield>
    <subfield code="r">2023-09-13 16:34:10</subfield>
    <subfield code="y">B</subfield>
  </datafield>
</record>
